000 00386nam a22001697a 4500
005 20160623102927.0
008 160623b xxu||||| |||| 00| 0 eng d
020 _a978-0-07-462293-3
041 _aeng
082 _b9269
100 _aNair, N.G.
_9407
245 _aProduction and Operations Mgt.
260 _bTMH
_c2009
300 _a628
650 _aManagement
_9241
942 _cBK
999 _c3629
_d3628